LIBRARY & INFORMATION CENTRE, KCAET, TAVANUR

ONLINE PUBLIC ACCESS CATALOGUE (OPAC)

Engineering and Technical Handbook / (Record no. 7033)

MARC details
000 -LEADER
fixed length control field 00338cam a2200121ua 4500
082 ## - DEWEY DECIMAL CLASSIFICATION NUMBER
Classification number 620.
Item number MCN/EN
100 ## - MAIN ENTRY--AUTHOR NAME
Personal name McNeese, Donald C .
100 ## - MAIN ENTRY--AUTHOR NAME
Personal name Hoag, Albert L .
245 ## - TITLE STATEMENT
Title Engineering and Technical Handbook /
260 ## - PUBLICATION, DISTRIBUTION, ETC. (IMPRINT)
Place of publication Mumbai :
Name of publisher D B Taraporevala sons & Co. Pvt. Ltd. ,
Year of publication 1981.
300 ## - PHYSICAL DESCRIPTION
Number of Pages 376 ; .
942 ## - ADDED ENTRY ELEMENTS (KOHA)
Koha item type Reference
Holdings
Withdrawn status Lost status Damaged status Collection code Home library Current library Shelving location Date acquired Full call number Accession Number Koha item type
      Reference KAUAET KAUAET Reference 09/03/1987 620.MCN/EN 16067 Reference
free website counter